Science Quiz

Random Science or Food Quiz

Can you pick a potato? Quiz Stats

 Plays Quiz not verified by Sporcle

Also try: Baby Beasts A-Z
Challenge
Share
Tweet
Embed
Score 0/93 Timer 10:00
0 Plays Today
% Correct
Russet Norkotah
59.8%
Yukon Gold
58.8%
Adirondack Red
57.8%
Canela Russet
57.8%
Russet Burbank
57.8%
Belle de Fontenay
56.9%
Blazer Russet
56.9%
Golden Wonder
56.9%
Kerr's Pink
56.9%
Goldrush
55.9%
Irish Cobbler
55.9%
Jersey Royal
55.9%
Arran Victory
54.9%
British Queen
54.9%
Marcy
54.9%
Selma
54.9%
Alturas
53.9%
Bannock Russet
53.9%
Bonnotte
53.9%
Irish Lumper
53.9%
Marquis
53.9%
Ranger Russet
53.9%
Alpine Russet
52.9%
Cara
52.9%
Monalisa
52.9%
Silverton Russet
52.9%
Adirondack Blue
52%
Agata
52%
Austrian Crescent
52%
Chiloé
52%
French Fingerling
52%
% Correct
Norgold Russet
52%
Pachacoña
52%
Primura
52%
Red Norland
52%
Villetta Rose
52%
Yellow Finn
52%
Désirée
51%
Fingerling
51%
King Edward
51%
Marfona
51%
Maris Piper
51%
Annabelle
50%
Atlantic
50%
Avalanche
50%
Bildtstar
50%
Bintje
50%
Cabritas
50%
Fianna
50%
Kennebec
50%
Sieglinde
50%
Umatilla Russet
50%
Lady Balfour
49%
Langlade
49%
Linda potato
49%
Red Pontiac
49%
Rooster
49%
Sirco
49%
Stobrawa
49%
Superior
49%
Vitelotte
49%
Almond
48%
% Correct
Carola
48%
Chelina
48%
Clavela Blanca
48%
Pike
48%
Ratte
48%
Bamberg
47.1%
German Butterball
47.1%
Keuka Gold
47.1%
Red La Soda
47.1%
Amandine
46.1%
Camota
46.1%
Innovator
46.1%
Melody
46.1%
Nicola
45.1%
Pink Fir Apple
45.1%
Record
45.1%
Spunta
45.1%
Home Guard
44.1%
Blue Congo
43.1%
Estima
43.1%
Shepody
43.1%
Vivaldi
43.1%
Flava
42.2%
Kestrel
42.2%
Kipfler
42.2%
BF-15
41.2%
Cielo
40.2%
Snowden
40.2%
Megachip
38.2%
Anya
37.3%
Pink Eye
36.3%

You're not logged in!

Compare scores with friends on all Sporcle quizzes.
Join for Free
OR
Log In

You Might Also Like...

Show Comments

Extras

Top Quizzes Today


Score Distribution

Your Account Isn't Verified!

In order to create a playlist on Sporcle, you need to verify the email address you used during registration. Go to your Sporcle Settings to finish the process.

Report this User

Report this user for behavior that violates our Community Guidelines.

Details: